| 000 | 00554nam a2200205Ia 4500 | ||
|---|---|---|---|
| 005 | 20250217002852.0 | ||
| 008 | 240331s9999 xx 000 0 und d | ||
| 020 | _a0862320291 | ||
| 082 |
_bDAV _26007 _a305.4 |
||
| 245 | 0 |
_aThird World - Second Sex: _bWomen's Struggles and National Liberation |
|
| 260 |
_aLondon _bZed Books Ltd. _c1983 |
||
| 300 | _avii, 257 p., | ||
| 650 | _aWomen | ||
| 650 | _aThird World Countries | ||
| 650 | _aWomen's Movement | ||
| 650 | _aWomen's Health | ||
| 650 | _aLiberation | ||
| 700 |
_aDavies, M _eedt |
||
| 942 | _cL | ||
| 999 |
_c4477 _d4477 |
||